00619 2200229 4500001002100000005001500021035002000036007000300056008004100059020002200100082001000122084001600132100001900148245006300167250001000230260004600240300003300286650002400319700002400343990001100367990001100378INLIS00000000000123420180110020822 a0010-0118000052ta180110 g 0 ind  a978-602-1129-92-0 a786.5 a786.5 VAN t0 aVan Eko SIrait1 aTrik A-Z Menguasai Piano :bThe Best Instruction Book Ever aCet.1 aYogyakarta :bPenerbinIndoliterasi,c2015 a184hlm :bilus ;c19 x 28 cm aPiano , Seni musik0 aLea Belandina Betty a5695 a a5695 b